Football par lettre - K - Statistiques

Statistiques générales
  • Ce quiz a été pris 356 fois
  • Le résultat moyen est 7 sur 11
Statistiques - réponses
Indices Solutions % Correct
Ricardo Izecson dos Santos Leite Kaka
85%
Actuel numéro 8 du Real Madrid (saison 2021-2022) Kroos
81%
Champion du monde 1998, il est également connu pour avoir épousé Adriana Sklenaříková Karembeu
78%
Polyvalent joueur allemand, né en 1995, jouant au Bayern Munich Kimmich
77%
Nation européenne ayant joué son premier match le 5 mars 2014 contre Haiti Kosovo
63%
Ballon d'Or 1958 Kopa
62%
Milieu suédois ayant remporté 2 Ligue 1 avec l'OL Kallstrom
60%
Joueur japonais né le 4 juin 2001, réputé pour être l'une des grandes promesses du football japonais et mondial Kubo
53%
Les Harambee Stars Kenya
50%
Les Léopards des Neiges Kazakhstan
49%
Attaquant anglais des années 70, vainqueur de 3 Coupes d'Europe avec Liverpool et d'un double Ballon d'or en 1978 et 1979 Keegan
34%
Aucun quiz correspondant
Distribution des résultats
% des personnes avec chaque résultat
Percentile par nombre de réponses
Votre historique - résultats
Vous n’avez pas pris ce quiz